000 00436nam a2200145 i 4500
001 44245
003 ES-MaACL
005 20230906161003.0
007 t|
008 030320s1931 sp ||||1| spa d
245 0 3 _aLa ciencia del pasado y del porvenir
_b: librito que lleva estos dos elementos para la elevación del espíritu.
260 _aBarcelona :
_b[Cosmos],
_c1931.
300 _a76 p. ;
_c16 cm.
852 _aES-MaACL
_j1785-F-7
999 _c44245
_d44245